Oro y marfil (Record no. 125083)

MARC details
000 -LEADER
campo de control de longitud fija 00905nam a2200253 i 4500
001 - NÚMERO DE CONTROL
campo de control 125083
003 - IDENTIFICADOR DE NÚMERO DE CONTROL
campo de control ES-MaACL
005 - FECHA Y HORA DE LA ÚLTIMA TRANSACCIÓN
campo de control 20230906192540.0
007 - CAMPO FIJO DE DESCRIPCIÓN FÍSICA--INFORMACIÓN GENERAL
campo de control de longitud fija t|
008 - DATOS DE LONGITUD FIJA--INFORMACIÓN GENERAL
campo de control de longitud fija 070503s1935 sp ||||1| spa d
080 ## - NÚMERO DE LA CLASIFICACIÓN DECIMAL UNIVERSAL
Número de la Clasificación Decimal Universal 860-22"19"
100 1# - ENTRADA PRINCIPAL--NOMBRE DE PERSONA
Nombre de persona Quintero, Antonio.
9 (RLIN) 94718
245 10 - MENCIÓN DEL TÍTULO
Título Oro y marfil
Resto del título : comedia en tres actos /
Mención de responsabilidad, etc. Antonio Quintero y Pascual Guillén : dibujos de Antonio Merlo.
260 ## - PUBLICACIÓN, DISTRIBUCIÓN, ETC.
Lugar de publicación, distribución, etc. Madrid :
Nombre del editor, distribuidor, etc. Rivadeneyra,
Fecha de publicación, distribución, etc. 1935.
300 ## - DESCRIPCIÓN FÍSICA
Extensión 64 p. ;
Dimensiones 17 cm.
490 1# - MENCIÓN DE SERIE
Mención de serie La Farsa ;
Designación de volumen o secuencia 398
500 ## - NOTA GENERAL
Nota general Estrenada en el Teatro Fontalba de Madrid la noche del 4 de diciembre de 1934.
500 ## - NOTA GENERAL
Nota general Cubierta de este número: María Fernanda Ladrón y Rafael Rivelles en una escena de Oro y marfil.
700 1# - ENTRADA AGREGADA--NOMBRE PERSONAL
Nombre de persona Guillén, Pascual.
9 (RLIN) 60774
700 1# - ENTRADA AGREGADA--NOMBRE PERSONAL
Nombre de persona Merlo, Antonio.
9 (RLIN) 80579
830 0# - PUNTO DE ACCESO ADICIONAL DE SERIE-TÍTULO UNIFORME
Título uniforme La Farsa ;
Designación de volumen o secuencia 398
9 (RLIN) 185863
852 ## - LOCALIZACIÓN
Ubicación ES-MaACL
Número de control de estantería 2225-F-15
Sublocalización o colección R.140785
Holdings
Estatus retirado Estado de pérdida Estado de daño No para préstamo Colección Biblioteca de origen Biblioteca actual Ubicación en estantería Fecha de adquisición Fuente de adquisición Total de préstamos Signatura topográfica completa Código de barras Visto por última vez Precio de reemplazo Tipo de ítem Koha
        Colección de folletos Biblioteca del Ateneo de Madrid Biblioteca del Ateneo de Madrid Depósito folletos 17/01/2008     2225-F-15 1130317 23/02/2023 23/02/2023 Folleto